Centroamérica en la biblioteca Bancroft de la Universidad de California en Berkeley /

Đã lưu trong:
Chi tiết về thư mục
Tác giả chính: Vega Carballo, José Luis
Định dạng: Texto
Các nhãn: Thêm thẻ
Không có thẻ, Là người đầu tiên thẻ bản ghi này!

MARC

LEADER 00000 a a2200000 04500
001 7965
003
040
100 |a Vega Carballo, José Luis  
245 |a Centroamérica en la biblioteca Bancroft de la Universidad de California en Berkeley /  |c José Luis Vega Carballo 
773 |g número 8; páginas 127-136  
999 |c 36436  |d 36436